Регионална библиотека "Любен Каравелов" - Русе

Технология на социалната работа с деца (Запис номер 34912)

MARC детайли
000 -Лидер
Контролно поле с фиксирана дължина 01972nam a2200397 c 4500
003 - Код на организацията, давaща контролен номер
Контролно поле BLK
005 - Дата и час на последна редакция
Контролно поле 20220509152505.0
008 - Елементи от данни с фиксирана дължина
fixed length control field 180408b bul|||||r ||||||| ||bul||
010 ## - Наследен системен номер
LC control number KNG00037623000
020 ## - Международен стандартен номер на книга ISBN
Международен стандартен номер на книга ISBN 954-680-165-8
-- издат.: Унив. изд. Неофит Рилски
040 ## - Източник на каталожния запис
Идентификатор на билиотеката - собственик на записа BLK
041 ## - Код за език
Код за езика на текст/звукозапис или на отделно заглавие Български
Код за езика КДБФ Български
080 ## - УДК
Текстов определител УДК Социална помощ за специални групи на обществото (слепи, глухонеми и др.)
УДК код - определител по УДК 364.465
УДК определител (075.8)
УДК - код + определител 364.465(075.8)
080 ## - УДК
Текстов определител УДК Възрастови групи. Социология на младежта, на децата, на средната възраст и на старостта
УДК код - определител по УДК 316.346.32
УДК определител (075.8)
УДК - код + определител 316.346.32(075.8)
100 1# - Редна дума - Автор
Автор Дерижан, Ицка Михайлова
Авторска отговорност първи автор
R(LIN) 273976
139 ## - Редно поле
Редна дума Дерижан, Ицка Михайлова
Авторски знак Дер - Д 44
245 10 - Сведения за заглавието
Заглавие Технология на социалната работа с деца
Подзаглавни данни Уч. дисциплина за студенти по соц. дейности
Редно поле (дума) Ицка Михайлова Дерижан.
257 ## - Страна на издаване
Страна на създаване/издаване България
260 ## - Област на издателските данни
-- Благоевград
Име на издателя, разпространителя и проч. Унив. изд. Неофит Рилски
Година на издаване 2001
300 ## - Физическа характеристика
Страници 162 с.
Илюстрации и др. с табл.
Размери/Мащаб 21 см
380 ## - Жанр
Жанр Обществени науки
500 ## - Общи забележки
Забележка Офс. изд. - Съдържа и Закон за закрила на детето. - Библиогр. с. 142-146.
504 ## - Забележка за наличие на библиография и др
Забележка за наличие на библиография и под. 142-146
650 #4 - Допълнително описание по предмет – тема
Основно описание – тема или топоним Социални грижи - учебници за ВУЗ
9 (RLIN) 273977
650 #4 - Допълнително описание по предмет – тема
Основно описание – тема или топоним Социални работници - професионална подготовка
9 (RLIN) 273978
650 #4 - Допълнително описание по предмет – тема
Основно описание – тема или топоним Деца - социология
9 (RLIN) 265641
653 ## - Ключова дума – ненормативна
Ключова дума деца
653 ## - Ключова дума – ненормативна
Ключова дума социални грижи
653 ## - Ключова дума – ненормативна
Ключова дума учебници за ВУЗ
653 ## - Ключова дума – ненормативна
Ключова дума социални работници
852 ## - Местоположение
Форматна сигнатура Цб 209633
856 4# - Електронен адрес и достъп
Електронен формат pdf - файл
Път до файла /url/
856 4# - Електронен адрес и достъп
Електронен формат pdf - файл
Път до файла /url/
942 ## - АРТИКУЛИ
Вид на библиотечния материал Книги
Скрит в OPAC Не
Koha issues (borrowed), all copies 8
944 ## - СЪЗДАВАНЕ И РЕДАКЦИЯ на ЗАПИСА
Създаване/Редакция Създаване
Дата на регистрацията/редакция 15.01.2003
Служител, извършил регистрацията/редакцията Людмила_Стоянова
944 ## - СЪЗДАВАНЕ И РЕДАКЦИЯ на ЗАПИСА
Създаване/Редакция Редакция
Дата на регистрацията/редакция 08.03.2007
Служител, извършил регистрацията/редакцията
999 ## - СИСТЕМНИ КОНТРОЛНИ НОМЕРА
Koha biblionumber 34912
Koha biblioitemnumber 34912
Наличности
Код за отписване Код за изгубен артикул Източник на класификационната схема Код за повреда Коз за рестрикции Код за отдаване Артикулен № Име на библиотеката - собственик Име на библиотеката, в която се намира в момента Статус (Текущо местоположение) Дата на вписване в системата Местоположение - отдел Цена в лева Инвентарен номер Систематично азбучна сигнатура Баркод Номер на екземпляра Цена в евро Служебна бележка Служебен тип на артикула
  Не е изгубен Universal Decimal Classification Не е повреден без рестрикции ползва се в читалня 55279 Регионална библиотека "Любен Каравелов" Русе Регионална библиотека "Любен Каравелов" Русе Хранилище 2001-01-01 Хранилище 0.00 666923 Цб 209633 120000666923 1 0.00 Дост: Dp Вид: Д N: 31 Дата: 01.01.2001 Книги
Изтеглен Не е изгубен   Не е повреден без рестрикции заемане за дома 55280 Регионална библиотека "Любен Каравелов" Русе Регионална библиотека "Любен Каравелов" Русе Заемна - подръчен фонд 2007-01-10 Заемна - подръчен фонд 4.00 120000708418 П 36/Д 44 120000708418 2 2.05 Дост: DA Вид: А N: 1 Дата: 05.01.2007 Дата инв: 07.02.2018 Бележки инв: П2018 Книги
Vip Innovations Ltd, Rousse, Bulgaria 2025